000 00281nam a2200121Ia 4500
003 OSt
005 20230901061207.0
008 170523s9999 xx 000 0 und d
040 _cIIMT UNIVERSITY
100 _aSHARMA- DHIRAJ
245 0 _aDICTIONARY OF MANAGEMENT
942 _2ddc
_c02
999 _c10200
_d10200